02170nas a2200337 a 4500001000700000003000600007005001700013007000300030008004100033010000900074040003200083041000800115130002900123245011600152264010600268300005100374336002700425337003300452338002900485362001500514490007100529505021200600505004000812505060900852650006701461650005501528700006101583942001501644952015601659999001701815235069AGNRD20250415100900.0ta890206s spco || o001 ||spa|  a1962 aAGNRDcAGNRDeRDAdDO-SdBNP aspa a4 poemas heroicos9872750 aConcurso literario : cuatro poemas heroicos : bun ensayo, un discurso /cdibujos: Gilberto Hernández Ortega. aSanto Domingo, República Dominicana :bEdiciones Brigadas Dominicanas.bEditorial El Caribe,c1962.4 avolumen :bilustraciones, dibujos ; c24.5 cm. atextobtxt2rdacontent asin mediaciónbn2rdamedia avolumenbnc 2rdacarrier aMayo 1962. aColección Baluarte ; dirigida por Aída Cartagena Portalatín. aConcurso literario celebrado por el Comité Ejecutivo de la Junta Pro Glorificación de los Héroes del 30 de mayo, de las Hermanas Mirabal, Luperón, Maimón, Constanza y Estero Hondo, mayo 30 de 1962. aSucs. Aida Cartagena Portalatín.  aIntroducción, 9.-- Marcio Veloz Maggiolo / “Salmo heroico a las hermanas Mirabal”, 13.-- “Canto al 30 de mayo”, 16.-- Lupo Hernández Rueda / “Canción a los héroes de Constanza, Maimón y Estero Hondo”, 23.-- Aida Cartagena Portalatín / “La ira sagrada” (canto a la Gesta del 30 de mayo”, 29.-- Domingo Oct. Bergés Bordas / “Significado histórico del 30 de mayo de 1961, fecha clave en el proceso histórico por la libertad dominicana”, 39.-- Eduardo Sánchez Cabral / Reconocimiento, 57.-- Discurso pronunciado el 30 de mayo de 1962, 59.-- Veredictos, 71-72. 0aCuentos dominicanosxConcurso91843vPublicación periódica 0aNovela dominicana91368vPublicación periódica1 aHernández Ortega, Giberto,d1924-1978edibujos9124455 2ddccISSUE 00102ddc4056708SEaBNPHUbBNPHUd2025-03-21hMayo 1962l0p2025-2236r2025-03-21te.1w2025-03-21yISSUEzDisponible para consulta en: Hemeroteca. c58516d58516